Tecnologías de información : (Registro nro. 29621)

Detalles MARC
000 -LEADER
fixed length control field 02227nam a2200277 a 4500
005 - DATE AND TIME OF LATEST TRANSACTION
control field 20250409133238.0
008 - FIXED-LENGTH DATA ELEMENTS--GENERAL INFORMATION
fixed length control field 250210s2021 000 0 eng d
020 ## - INTERNATIONAL STANDARD BOOK NUMBER
International Standard Book Number 978-607-8549-92-4
040 ## - CATALOGING SOURCE
Original cataloging agency CO-CtgCURN
Language of cataloging spa
Transcribing agency coctgcurn
082 04 - DEWEY DECIMAL CLASSIFICATION NUMBER
Classification number 004.8
Item number S232
100 1# - MAIN ENTRY--PERSONAL NAME
Personal name Santana Mancilla, Pedro César,
Dates associated with a name Coordinador.
245 10 - TITLE STATEMENT
Title Tecnologías de información :
Remainder of title Sus aplicaciones y contribuciones /
Statement of responsibility, etc. Pedro César Santana Mancilla; Juan Antonio Guerrero Ibáñez; Juan Manuel Ramírez Alcaraz; Silvia Berenice Fajardo Flores (Coord).
260 ## - PUBLICATION, DISTRIBUTION, ETC.
Place of publication, distribution, etc. Colima,México :
Name of publisher, distributor, etc. Universidad de Colima,
Date of publication, distribution, etc. 2021.
300 ## - PHYSICAL DESCRIPTION
Extent 155 páginas :
Other physical details il.
500 ## - GENERAL NOTE
General note Incluye reseñas curriculares páginas (141-151)
504 ## - BIBLIOGRAPHY, ETC. NOTE
Bibliography, etc. note Incluye bibliografía al final de cada capítulo.
520 8# - SUMMARY, ETC.
Summary, etc. El presente libro es resultado de la experiencia de sus autores quienes, desde su perspectiva disciplinar, plantean la necesidad de trabajar en constante cambio por medio de la innovación en las Tecnologías de Información (TI) y que pretende ser de utilidad e informativo tanto para la academia, como para el sector salud y la industria. La obra está organizada en tres categorías y siete capítulos: La primera está dedicada a la salud y en ella se abordan aplicaciones de TI que promueven una mejor calidad de vida a sus usuarios. La segunda aborda aplicaciones de TI en la educación, en la que se detalla el desarrollo de herramientas que se enfilan a integrarse plenamente en la Educación 4.0. Finalmente, en la tercera sección se explican aspectos de aplicaciones de TI para lograr competencias laborales, que ayudará a los usuarios a integrarse de forma innovadora a la Industria 4.0.
650 #0 - SUBJECT ADDED ENTRY--TOPICAL TERM
Topical term or geographic name entry element Tecnología de la información.
650 #0 - SUBJECT ADDED ENTRY--TOPICAL TERM
Topical term or geographic name entry element Transferencia de tecnología.
700 1# - ADDED ENTRY--PERSONAL NAME
Personal name Guerrero Ibáñez, Juan Antonio,
Dates associated with a name Coordinador.
700 1# - ADDED ENTRY--PERSONAL NAME
Personal name Ramírez Alcaraz, Juan Manuel,
Dates associated with a name Coordinador.
700 1# - ADDED ENTRY--PERSONAL NAME
Personal name Fajardo Flores, Silvia Berenice,
Dates associated with a name Coordinador.
856 7# - ELECTRONIC LOCATION AND ACCESS
Uniform Resource Identifier <a href="https://unicurn.sharepoint.com/:b:/s/biblioteca/EfBuGILHColOnKCVWEAgFl8Bm9O_3DKegy5b6LenNqRr9w?e=GYOIo4">https://unicurn.sharepoint.com/:b:/s/biblioteca/EfBuGILHColOnKCVWEAgFl8Bm9O_3DKegy5b6LenNqRr9w?e=GYOIo4</a>
Public note Clic aqui para ver el texto completo
942 ## - ADDED ENTRY ELEMENTS (KOHA)
Koha item type Libros electrónicos
Source of classification or shelving scheme Dewey Decimal Classification
Classification part 004.8
Item part S232
Existencias
Withdrawn status Lost status Source of classification or shelving scheme Damaged status Not for loan Collection Home library Current library Shelving location Date acquired Total checkouts Full call number Date last seen Price effective from Koha item type
    Dewey Decimal Classification     Libros electrónicos Miguel Henríquez Castañeda Miguel Henríquez Castañeda   04/09/2025   004.8 S232 04/09/2025 04/09/2025 Libros electrónicos